| 000 | 00458 a2200157 4500 | ||
|---|---|---|---|
| 005 | 20250430073851.0 | ||
| 020 | _a978-81-224-2605-2 | ||
| 082 | _a658.159 KES | ||
| 100 | _aKESAVAN, R. | ||
| 245 | _aProcess Planning and Cost Estimation. | ||
| 250 | _a2nd Ed. | ||
| 260 |
_aNew Delhi, _bNew age International Limited, publishers, _c2009. |
||
| 300 |
_axx,229p.: Ill.;figures _bIndex _c23cm. |
||
| 700 | _aELANCHEZHIAN, C. & RAMNATH, B .V. | ||
| 942 |
_2ddc _cBKS |
||
| 999 |
_c1801 _d1801 |
||